[Event "ROM-ch U14"]
[Site "Mamaia"]
[Date "2021.04.11"]
[Round "6"]
[White "Grigore, Radu Andrei"]
[Black "Hejja, Adam Peter"]
[Result "1-0"]
[WhiteElo "1166"]
[BlackElo "1361"]
[PlyCount "123"]
[EventDate "2021.04.07"]
[EventType "swiss"]
[EventRounds "9"]
[EventCountry "ROU"]
[SourceTitle "EXT 2022"]
[Source "ChessBase"]
[SourceDate "2021.10.06"]
[SourceVersion "1"]
[SourceVersionDate "2021.10.06"]
[SourceQuality "1"]

1. b3 d5 2. Bb2 Bg4 3. h3 Bh5 4. Nf3 Nd7 5. c4 e6 6. cxd5 exd5 7. Nc3 c6 8. e3 Ngf6 9. Be2 Bxf3 10. Bxf3 Bd6 11. 0-0 0-0 12. Ne2 Be5 13. Bxe5 Nxe5 14. Nf4 Qa5 15. d4 Ned7 16. Qc2 Rfe8 17. Rac1 g6 18. Rfd1 Kg7 19. Qd2 Qb6 20. Nd3 h5 21. Nc5 Rad8 22. Rc2 Nf8 23. Rdc1 N8h7 24. h4 Nf8 25. Qc3 Ne6 26. b4 a6 27. a4 Nxc5 28. Qxc5 Qxc5 29. Rxc5 Rd6 30. Rb1 Nd7 31. Rc2 Nb6 32. b5 axb5 33. axb5 Nc4 34. Rc3 Nd2 35. Rb2 Nxf3+ 36. gxf3 Ree6 37. bxc6 bxc6 38. Rb6 Kf6 39. Rb7 Re7 40. Rxe7 Kxe7 41. Kf1 Ke6 42. Ke2 f6 43. f4 Kf5 44. Kf3 Re6 45. Kg3 Ke4 46. f3+ Kf5 47. e4+ Rxe4 48. fxe4+ Kxe4 49. Rxc6 Kxd4 50. Rxf6 Ke3 51. Rxg6 d4 52. f5 d3 53. Rd6 d2 54. f6 d1Q 55. Rxd1 Ke4 56. f7 Ke5 57. f8Q Ke4 58. Qe8+ Kf5 59. Rd5+ Kf6 60. Qe5+ Kf7 61. Rd7+ Kg8 62. Qe8# 1-0

[Event "ROM-ch U12"]
[Site "Calimanesti Caciulata"]
[Date "2019.04.22"]
[Round "9"]
[White "Ruse, Vlad Marian"]
[Black "Hejja, Adam Peter"]
[Result "0-1"]
[WhiteElo "1130"]
[BlackElo "1388"]
[PlyCount "76"]
[EventDate "2019.04.15"]
[EventType "swiss"]
[EventRounds "9"]
[EventCountry "ROU"]
[SourceTitle "CBM 190 Extra"]
[Source "ChessBase"]
[SourceDate "2019.07.15"]
[SourceVersion "1"]
[SourceVersionDate "2019.07.15"]
[SourceQuality "1"]

1. d4 d5 2. Nf3 Nf6 3. g3 Bf5 4. Bg2 e6 5. 0-0 Nbd7 6. c4 c6 7. Nbd2 Bd6 8. b3 0-0 9. Bb2 h6 10. Re1 Bh7 11. h3 Qc7 12. Rc1 Bb4 13. a3 Bxd2 14. Nxd2 Rad8 15. e4 dxe4 16. Nxe4 Nxe4 17. Bxe4 Bxe4 18. Rxe4 Nf6 19. Re3 Qb6 20. Rd3 Ne4 21. Kg2 Rd7 22. Qe2 Ng5 23. h4 Nh7 24. Qf3 Rfd8 25. Rcd1 Qa5 26. b4 Qa6 27. c5 Qc4 28. Rc3 Qa2 29. Rc2 Rxd4 30. Rxd4 Rxd4 31. Bxd4 Qxc2 32. Qf4 Nf8 33. Qe3 Qc4 34. Qd2 Qd5+ 35. f3 Nd7 36. Kh3 Ne5 37. Qf4 Nxf3 38. Qe5 Nxe5 0-1

[Event "ROM-ch U12"]
[Site "Calimanesti Caciulata"]
[Date "2019.04.17"]
[Round "4"]
[White "Hejja, Adam Peter"]
[Black "Covrig, Raul Alexandru"]
[Result "1-0"]
[WhiteElo "1388"]
[BlackElo "1115"]
[PlyCount "157"]
[EventDate "2019.04.15"]
[EventType "swiss"]
[EventRounds "9"]
[EventCountry "ROU"]
[SourceTitle "CBM 190 Extra"]
[Source "ChessBase"]
[SourceDate "2019.07.15"]
[SourceVersion "1"]
[SourceVersionDate "2019.07.15"]
[SourceQuality "1"]

1. e4 g6 2. d4 Bg7 3. Nf3 d6 4. b3 Nf6 5. Nbd2 Bg4 6. Bd3 Nc6 7. Bb2 Nd7 8. Qc1 0-0 9. h3 Bxf3 10. Nxf3 e5 11. Qe3 exd4 12. Nxd4 Qf6 13. c3 d5 14. 0-0 Rfe8 15. Rfe1 Nc5 16. Nb5 Rac8 17. Qxc5 Ne5 18. Bc2 a6 19. Na3 dxe4 20. Rxe4 b6 21. Qe3 Qc6 22. Re1 f5 23. Rxe5 Rxe5 24. Qd2 Rxe1+ 25. Qxe1 Re8 26. Qd2 Be5 27. Nc4 Bd6 28. Qd1 Qd7 29. Kf1 b5 30. Ne3 f4 31. Ng4 Qg7 32. Bd3 b4 33. Qd2 Qe7 34. c4 Kf8 35. Nf6 Rd8 36. Ng4 Re8 37. Nf6 Rd8 38. Ng4 Re8 39. Bf6 Qe6 40. Bb2 Qe7 41. Nh6 Be5 42. Be2 Bc3 43. Bxc3 bxc3 44. Qc2 Qe4 45. Qxe4 Rxe4 46. Bd3 Re5 47. Ng4 Ra5 48. a4 h5 49. Nf6 Kf7 50. Ne4 Re5 51. Nxc3 g5 52. Nd5 c5 53. f3 h4 54. Be4 a5 55. Nc7 Re7 56. Nb5 Rd7 57. Bd5+ Kf6 58. Ke2 Re7+ 59. Be4 Rd7 60. Ke1 Re7 61. Kd2 Rd7+ 62. Kc2 Ke5 63. Bd5 Re7 64. Kd2 Kf6 65. Nd6 Re3 66. Ne4+ Kg6 67. Nxc5 Kh6 68. Be4 Kg7 69. Bc2 Re5 70. Nb7 Kh6 71. Be4 Kg7 72. Kd3 Kf6 73. Kd4 Re7 74. Nxa5 Re5 75. Nc6 Re6 76. a5 Rd6+ 77. Bd5 Rd7 78. a6 Rc7 79. a7 1-0

[Event "ROM-ch U12"]
[Site "Calimanesti"]
[Date "2018.03.31"]
[Round "6"]
[White "Rosca, Mario Andrei"]
[Black "Hejja, Adam Peter"]
[Result "0-1"]
[WhiteElo "1076"]
[BlackElo "1199"]
[PlyCount "63"]
[EventDate "2018.03.27"]
[EventType "swiss"]
[EventRounds "9"]
[EventCountry "ROU"]
[SourceTitle "CBM 183 Extra"]
[Source "ChessBase"]
[SourceDate "2018.04.19"]
[SourceVersion "1"]
[SourceVersionDate "2018.04.19"]
[SourceQuality "1"]

1. e4 c6 2. d4 g6 3. Nf3 Bg7 4. Nc3 d5 5. exd5 cxd5 6. Be3 Bg4 7. h3 Bxf3 8. Qxf3 e6 9. Bd3 Nc6 10. Bb5 Nge7 11. 0-0 0-0 12. Rad1 a6 13. Bxc6 Nxc6 14. Rfe1 Qb6 15. b3 Nxd4 16. Bxd4 Bxd4 17. Na4 Qa7 18. c3 Bg7 19. Rb1 b5 20. Nb2 Rac8 21. Rec1 Rc7 22. Rc2 Rfc8 23. Rbc1 b4 24. c4 Bxb2 25. Rxb2 dxc4 26. bxc4 Rxc4 27. Rxc4 Rxc4 28. Qb3 Rc1+ 29. Kh2 Qc7+ 30. g3 Qc6 31. g4 Qh1+ 32. Kg3 0-1

[Event "EU-ch U10 27th"]
[Site "Mamaia"]
[Date "2017.09.08"]
[Round "4"]
[White "Candian, Lorenzo"]
[Black "Hejja, Adam Peter"]
[Result "1-0"]
[WhiteElo "1375"]
[BlackElo "1171"]
[PlyCount "133"]
[EventDate "2017.09.05"]
[EventType "swiss"]
[EventRounds "9"]
[EventCountry "ROU"]
[SourceTitle "CBM 180 Extra"]
[Source "ChessBase"]
[SourceDate "2017.10.06"]
[SourceVersion "1"]
[SourceVersionDate "2017.10.06"]
[SourceQuality "1"]

1. d4 g6 2. Nf3 Bg7 3. c4 b6 4. g3 Bb7 5. Bg2 e6 6. 0-0 Ne7 7. Nc3 d6 8. e4 Nd7 9. b3 h6 10. Bb2 a6 11. Rc1 0-0 12. Rb1 Kh7 13. d5 e5 14. a3 f5 15. b4 f4 16. Qc2 h5 17. Na4 Bc8 18. Ba1 Rf7 19. c5 b5 20. Nb2 Ng8 21. cxd6 cxd6 22. h4 Nh6 23. Qc6 Nb6 24. Qc3 Bg4 25. Nd3 Bf6 26. Rfc1 Bxf3 27. Bxf3 fxg3 28. fxg3 Bxh4 29. gxh4 Rxf3 30. Qc7+ Qxc7 31. Rxc7+ Kh8 32. Nxe5 dxe5 33. Bxe5+ Kg8 34. Rg7+ Kf8 35. Rxg6 Nc4 36. Rxh6 Kf7 37. Rxh5 Nxa3 38. Rf5+ Rxf5 39. exf5 Rg8+ 40. Kh2 Nc2 41. Rc1 Nxb4 42. Rc7+ Ke8 43. d6 Rf8 44. d7+ Ke7 45. f6+ Ke6 46. Rc8 Kxd7 47. Rxf8 Ke6 48. f7 a5 49. h5 Nd3 50. h6 Nxe5 51. h7 Ng6 52. Rg8 Kxf7 53. Rxg6 b4 54. h8Q Kxg6 55. Qa8 b3 56. Qxa5 b2 57. Qb4 b1Q 58. Qxb1+ Kg7 59. Qb6 Kg8 60. Qc7 Kf8 61. Qd7 Kg8 62. Qe7 Kh8 63. Kg3 Kg8 64. Kg4 Kh8 65. Kg5 Kg8 66. Kg6 Kh8 67. Qg7# 1-0

[Event "ROM-ch U10"]
[Site "Baile Felix"]
[Date "2017.02.06"]
[Round "6"]
[White "Hejja, Adam Peter"]
[Black "Botea, David Alexandru"]
[Result "0-1"]
[WhiteElo "1233"]
[BlackElo "1355"]
[PlyCount "40"]
[EventDate "2017.02.02"]
[EventType "swiss"]
[EventRounds "9"]
[EventCountry "ROU"]
[SourceTitle "CBM 176 Extra"]
[Source "ChessBase"]
[SourceDate "2017.03.02"]
[SourceVersion "1"]
[SourceVersionDate "2017.03.02"]
[SourceQuality "1"]

1. e4 e5 2. Nf3 Nc6 3. Nc3 Nf6 4. a3 d5 5. exd5 Nxd5 6. Bb5 Nxc3 7. bxc3 Bd6 8. 0-0 0-0 9. Bxc6 bxc6 10. Re1 Bg4 11. h3 Bh5 12. d3 f5 13. Qd2 Bxf3 14. gxf3 Qh4 15. Kg2 Rf6 16. Kf1 Qxh3+ 17. Ke2 e4 18. dxe4 fxe4 19. fxe4 Qf3+ 20. Kf1 Rh6 0-1

[Event "ROM-ch U08"]
[Site "Calimanesti"]
[Date "2015.03.31"]
[Round "2"]
[White "Hejja, Adam Peter"]
[Black "Ghimpu, Codrin Razvan"]
[Result "0-1"]
[WhiteElo "1246"]
[BlackElo "1078"]
[PlyCount "106"]
[EventDate "2015.03.30"]
[EventType "swiss"]
[EventRounds "9"]
[EventCountry "ROU"]
[SourceTitle "CBM 165 Extra"]
[Source "ChessBase"]
[SourceDate "2015.04.21"]
[SourceVersion "1"]
[SourceVersionDate "2015.04.21"]
[SourceQuality "1"]

1. e4 e6 2. Nc3 d5 3. exd5 exd5 4. Qe2+ Be6 5. d4 Bb4 6. Bd2 Nf6 7. a3 Ba5 8. Nf3 0-0 9. Qd1 Re8 10. Be2 Bg4 11. 0-0 Bxf3 12. Bxf3 c6 13. Bg5 Qd6 14. Bxf6 Qxf6 15. Re1 Nd7 16. Rxe8+ Rxe8 17. Bg4 Qe7 18. Bxd7 Qxd7 19. h3 Re6 20. b4 Bc7 21. Qg4 Re7 22. Qxd7 Rxd7 23. Re1 Kf8 24. b5 Re7 25. Rxe7 Kxe7 26. bxc6 bxc6 27. Ne2 Kd6 28. Nf4 g6 29. c3 c5 30. a4 Ba5 31. Ne2 cxd4 32. cxd4 Ke6 33. Kh2 Kf5 34. Kg3 Ke4 35. Kg4 Bd2 36. g3 Bh6 37. h4 Kd3 38. Kf3 Kc4 39. g4 Kb4 40. g5 Bg7 41. Ke3 Kxa4 42. Nf4 Kb4 43. Nxd5+ Kc4 44. Nf6 a5 45. Nxh7 Bxd4+ 46. Ke2 a4 47. Nf8 a3 48. Kf3 a2 49. Nd7 a1Q 50. Kg4 Qd1+ 51. Kg3 Bxf2+ 52. Kxf2 Qxd7 53. Kf3 Qf5+ 0-1